[Event "Gladbeck-ch"]
[Site "Gladbeck"]
[Date "1998.09.11"]
[Round "2"]
[White "Kuck, Erwin"]
[Black "Klapp, Herwig"]
[Result "0-1"]
[WhiteElo "1311"]
[BlackElo "1651"]
[PlyCount "112"]
[EventDate "1998.??.??"]
[EventType "swiss"]
[EventRounds "7"]
[EventCountry "GER"]
[SourceTitle "EXT 2001"]
[Source "ChessBase"]
[SourceDate "2000.11.22"]
[SourceVersion "1"]
[SourceVersionDate "2000.11.22"]
[SourceQuality "1"]

1. e4 e5 2. Bc4 Nf6 3. Nc3 Be7 4. Nge2 d6 5. 0-0 Bg4 6. f3 Bh5 7. d4 exd4 8. Qxd4 Nc6 9. Bb5 0-0 10. Bxc6 bxc6 11. Be3 c5 12. Qd3 Rb8 13. b3 Bg6 14. Nf4 c6 15. Nxg6 fxg6 16. Rad1 Kh8 17. Bg5 Ne8 18. Bxe7 Qxe7 19. Ne2 Qe5 20. c4 Rd8 21. f4 Qe7 22. Qf3 Nf6 23. Nc3 Nd7 24. Qd3 Nf6 25. Qf3 Nh5 26. f5 Qe5 27. Rd3 Qe8 28. g4 Nf6 29. fxg6 Qxg6 30. h3 h5 31. Qf5 Qxf5 32. gxf5 Rfe8 33. Re3 Re5 34. Rf4 d5 35. cxd5 cxd5 36. Rd3 d4 37. Nb5 Rd7 38. Na3 Rxe4 39. Rxe4 Nxe4 40. Nc4 Nd6 41. Ne5 Rc7 42. Rf3 Ne4 43. Nc4 Rf7 44. Kg2 Rf6 45. a4 Nd6 46. Nxd6 Rxd6 47. Kf2 Kg8 48. Ke2 Kf7 49. Kd3 Rd5 50. Ke4 Rd7 51. Kd3 Re7 52. h4 Kf6 53. a5 Re5 54. b4 cxb4 55. Kxd4 Rxa5 56. Kc4 Rxf5 0-1